Random Spanish words - Statistics

General Stats
  • This quiz has been taken 375 times
  • The average score is 12 of 20
Answer Stats
Spanish word Translation % Correct
Dinero Money
95%
Sol Sun
95%
Libro Book
89%
Arroz Rice
84%
Camisa Shirt
81%
Amarillo Yellow
81%
Quince 15
73%
Pez Fish
72%
Cama Bed
68%
Gordo Fat
67%
Zanahoria Carrot
57%
Baloncesto Basketball
54%
Maleta Suitcase
54%
Reloj Clock
53%
Orejas Ears
50%
Enojado Angry
46%
Escocia Scotland
38%
Volar To fly
33%
Sobre About
32%
Sin embargo However
27%
No matching quizzes found
Score Distribution
Percent of People with Each Score
Percentile by Number Answered
Your Score History
You have not taken this quiz